NBA Logos Click Quiz - Statistics

General Stats
  • This quiz has been taken 439 times
  • The average score is 26 of 30
Answer Stats
Hint Answer % Correct
Chicago Bulls
93%
Los Angeles Lakers
92%
Miami Heat
91%
Memphis Grizzlies
90%
Milwaukee Bucks
90%
Cleveland Cavaliers
90%
Golden State Warriors
89%
Boston Celtics
89%
Charlotte Hornets
89%
New Orleans Pelicans
89%
Utah Jazz
88%
Minnesota Timberwolves
88%
Sacramento Kings
87%
San Antonio Spurs
87%
Denver Nuggets
86%
Houston Rockets
86%
Atlanta Hawks
85%
Phoenix Suns
85%
Orlando Magic
85%
Dallas Mavericks
84%
Los Angeles Clippers
84%
New York Knicks
84%
Indiana Pacers
84%
Toronto Raptors
83%
Brooklyn Nets
83%
Portland Trail Blazers
83%
Oklahoma City Thunder
81%
Washington Wizards
80%
Philadelphia 76ers
80%
Detroit Pistons
78%
No matching quizzes found
Score Distribution
Percent of People with Each Score
Percentile by Number Answered
Your Score History
You have not taken this quiz